000
00252nam a2200097Ia 4500
001
725223
005
20250826163405.0
008
250824s9999 xx 000 0 und d
245
0
_a
BEN ÇOCUKSAM EĞER
_c
BEYZA NUR DEMİRCİ
260
_b
KAYALIPARK YAYINLARI
999
_c
725223
_d
725223